Statistics for 2021 NBA Draft Quiz

Click here to take the quiz!

General Stats

  • This quiz has been taken 8 times
  • The average score is 15 of 20

Answer Stats

Pick #Team Drafted ByPlayer% Correct
1DETCade Cunningham
100%
3CLEEvan Mobley
100%
2HOUJalen Green
100%
5ORLJalen Suggs
100%
7GSWJohnathon Kuminga
100%
4TORScottie Barnes
100%
8ORLFranz Wagner
86%
6OKCJosh Giddey
86%
14GSWMoses Moody
86%
10NOPZaire Williams
86%
13INDChris Duarte
71%
9SACDavion Mitchell
71%
20ATLJalen Johnson
71%
12SASJoshua Primo
71%
16OKCAlperen Sengun
57%
11CHOJames Bouknight
57%
18OKCTre Mann
57%
15WASCorey Kispert
43%
19NYKKai Jones
43%
17MEMTrey Murphy III
43%

Score Distribution

Percentile by Number Answered

Percent of People with Each Score

Your Score History

You have not taken this quiz